000 00378 a2200157 4500
001 154001
040 _cEscola São Tomás de Aquino
100 _aMENDONÇA, Angela Cota Guimarães
240 1 0 _aAbrindo portas com amor
_lpor
245 1 0 _aAbrindo portas com amor
300 _a109
362 0 _a2002
440 1 _aEditorial Diamante
697 _aEducação
942 _cBK
999 _c154001
_d154001